Catálogo

LAS HORAS ENCONTRADAS Y CANCION EN CASTILLA (Registro nro. 14518)

Detalles MARC
000 -LEADER
fixed length control field 00441nam a2200169 a 4500
001 - CONTROL NUMBER
control field 14518
005 - DATE AND TIME OF LATEST TRANSACTION
control field 20180713203023.0
008 - FIXED-LENGTH DATA ELEMENTS--GENERAL INFORMATION
fixed length control field 140415s1970 000 0 spa d
041 ## - LANGUAGE CODE
Language code of text/sound track or separate title spa
082 ## - DEWEY DECIMAL CLASSIFICATION NUMBER
Classification number 861
Item number MAR
100 1# - MAIN ENTRY--PERSONAL NAME
Personal name MARRERO, VICENTE
245 14 - TITLE STATEMENT
Title LAS HORAS ENCONTRADAS Y CANCION EN CASTILLA
260 ## - PUBLICATION, DISTRIBUTION, ETC.
Place of publication, distribution, etc. [s.l.] :
Name of publisher, distributor, etc. IROENS,
Date of publication, distribution, etc. 1970
300 ## - PHYSICAL DESCRIPTION
Extent 107
490 ## - SERIES STATEMENT
Series statement ARBOLE
Volume/sequential designation 9
650 14 - SUBJECT ADDED ENTRY--TOPICAL TERM
Topical term or geographic name entry element CANCIONES
General subdivision POESIA LIRICA
Existencias
Withdrawn status Lost status Source of classification or shelving scheme Damaged status Not for loan Collection code Home library Current library Shelving location Date acquired Source of acquisition Inventory number Total Checkouts Full call number Barcode Date last seen Date last checked out Price effective from Koha item type
    Dewey Decimal Classification     General Biblioteca Karol Wojtyla Biblioteca Karol Wojtyla Sala general 03/12/2013 Compra 151000000000000000033479   861 MAR 31745 06/11/2017 06/11/2017 03/12/2013 Libro